Escritos autobiográficos / (Record no. 41245)
[ view plain ]
| 000 -LEADER | |
|---|---|
| campo de control de longitud fija | 00591nam a2200181 i 4500 |
| 001 - NÚMERO DE CONTROL | |
| campo de control | 41245 |
| 003 - IDENTIFICADOR DE NÚMERO DE CONTROL | |
| campo de control | ES-MaACL |
| 005 - FECHA Y HORA DE LA ÚLTIMA TRANSACCIÓN | |
| campo de control | 20230906160411.0 |
| 007 - CAMPO FIJO DE DESCRIPCIÓN FÍSICA--INFORMACIÓN GENERAL | |
| campo de control de longitud fija | t| |
| 008 - DATOS DE LONGITUD FIJA--INFORMACIÓN GENERAL | |
| campo de control de longitud fija | 030310s1966 sp ||||1| spa d |
| 100 1# - ENTRADA PRINCIPAL--NOMBRE DE PERSONA | |
| Nombre de persona | Carvajal y Mendoza, Luisa de. |
| 9 (RLIN) | 35949 |
| 245 10 - MENCIÓN DEL TÍTULO | |
| Título | Escritos autobiográficos / |
| Mención de responsabilidad, etc. | Luisa Carvajal y Mendoza ; introducción y notas de Camilo Mª Abad. |
| 260 ## - PUBLICACIÓN, DISTRIBUCIÓN, ETC. | |
| Lugar de publicación, distribución, etc. | Barcelona : |
| Nombre del editor, distribuidor, etc. | Flors, |
| Fecha de publicación, distribución, etc. | 1966. |
| 300 ## - DESCRIPCIÓN FÍSICA | |
| Extensión | VIII, 346 p., 2 lám. ; |
| Dimensiones | 18 cm. |
| 700 1# - ENTRADA AGREGADA--NOMBRE PERSONAL | |
| Nombre de persona | Abad, Camilo María, |
| Fechas asociadas al nombre | 1878-1969 |
| 9 (RLIN) | 226437 |
| 852 ## - LOCALIZACIÓN | |
| Ubicación | ES-MaACL |
| Número de control de estantería | C-31737 |
| Sublocalización o colección | R.62387 |
| Estatus retirado | Estado de pérdida | Estado de daño | No para préstamo | Biblioteca de origen | Biblioteca actual | Ubicación en estantería | Fecha de adquisición | Fuente de adquisición | Total de préstamos | Signatura topográfica completa | Código de barras | Visto por última vez | Precio de reemplazo | Tipo de ítem Koha |
|---|---|---|---|---|---|---|---|---|---|---|---|---|---|---|
| Biblioteca del Ateneo de Madrid | Biblioteca del Ateneo de Madrid | Depósito 2 | 17/01/2008 | C-31737 | 1043423 | 23/02/2023 | 23/02/2023 | Libro impreso |
